[Event "POL-chT2"]
[Site "Poronin"]
[Date "2013.09.15"]
[Round "9.86"]
[White "Myzyk, Jan"]
[Black "Tustanowski, Robert"]
[Result "0-1"]
[WhiteElo "2075"]
[BlackElo "2297"]
[PlyCount "110"]
[EventDate "2013.09.06"]
[EventType "team-swiss"]
[EventRounds "9"]
[EventCountry "POL"]
[SourceTitle "EXT 2015"]
[Source "ChessBase"]
[SourceDate "2014.11.20"]
[SourceVersion "1"]
[SourceVersionDate "2014.11.20"]
[SourceQuality "1"]
[WhiteTeam "Chojnice UKS Osemka"]
[BlackTeam "Prudnik LKS Zarzewie"]
[WhiteTeamCountry "POL"]
[BlackTeamCountry "POL"]

1. d4 Nf6 2. Nf3 e6 3. c4 Bb4+ 4. Nc3 b6 5. Bg5 h6 6. Bxf6 Bxc3+ 7. bxc3 Qxf6 8. e4 d6 9. Bd3 e5 10. h3 0-0 11. 0-0 Nc6 12. Be2 Re8 13. c5 dxc5 14. dxc5 Na5 15. Qa4 Bb7 16. Rfd1 Red8 17. Ne1 Qc6 18. Qxc6 Bxc6 19. f3 Ba4 20. Rd3 Kf8 21. Kf2 Ke7 22. Rxd8 Rxd8 23. Ke3 bxc5 24. Nd3 Kd6 25. Nb2 Be8 26. Nc4+ Nxc4+ 27. Bxc4 f6 28. Rb1 Bc6 29. Rd1+ Ke7 30. Rb1 g6 31. g4 a5 32. h4 a4 33. Ke2 Rf8 34. Bd3 Kd6 35. Bc4 f5 36. gxf5 gxf5 37. Rd1+ Ke7 38. exf5 Rxf5 39. Bd5 Bd7 40. Rg1 Be6 41. Bxe6 Kxe6 42. Rg4 Rf4 43. Ke3 Kf5 44. Rxf4+ exf4+ 45. Kd3 Ke5 46. Kc4 Kd6 47. Kb5 Kd5 48. Kxa4 Kc4 49. Ka5 Kxc3 50. Kb5 c4 51. a4 Kd4 52. a5 c3 53. a6 c2 54. a7 c1Q 55. a8Q Qc4+ 0-1

[Event "POL-chT2"]
[Site "Poronin"]
[Date "2013.09.14"]
[Round "8.92"]
[White "Bartkowiak, Damian"]
[Black "Myzyk, Jan"]
[Result "1/2-1/2"]
[WhiteElo "2152"]
[BlackElo "2075"]
[PlyCount "74"]
[EventDate "2013.09.06"]
[EventType "team-swiss"]
[EventRounds "9"]
[EventCountry "POL"]
[SourceTitle "EXT 2015"]
[Source "ChessBase"]
[SourceDate "2014.11.20"]
[SourceVersion "1"]
[SourceVersionDate "2014.11.20"]
[SourceQuality "1"]
[WhiteTeam "Kornik MUKS Wieza Kornicka"]
[BlackTeam "Chojnice UKS Osemka"]
[WhiteTeamCountry "POL"]
[BlackTeamCountry "POL"]

1. d4 Nf6 2. c4 g6 3. Nc3 Bg7 4. e4 d6 5. Nf3 0-0 6. h3 e5 7. d5 a5 8. Bg5 Na6 9. Be2 Nc5 10. Nd2 Bd7 11. g4 c6 12. h4 cxd5 13. Nxd5 Bc6 14. h5 Bxd5 15. cxd5 Qb6 16. Nc4 Qc7 17. f3 a4 18. Kf1 b5 19. Na3 b4 20. Nc4 Rfe8 21. Kg2 Nfd7 22. Qd2 Nb6 23. Qxb4 Nxc4 24. Qxc4 Reb8 25. Rab1 Rb7 26. hxg6 fxg6 27. Rhc1 Rab8 28. Bd3 Rxb2+ 29. Rxb2 Rxb2+ 30. Rc2 a3 31. Bc1 Qb6 32. Qc3 Rxc2+ 33. Qxc2 Qb4 34. Qd2 Qa4 35. Qc3 h5 36. gxh5 gxh5 37. Qxa3 Qe8 1/2-1/2

[Event "POL-chT2"]
[Site "Poronin"]
[Date "2013.09.10"]
[Round "4.92"]
[White "Cukrowski, Filip"]
[Black "Myzyk, Jan"]
[Result "1-0"]
[WhiteElo "2219"]
[BlackElo "2075"]
[PlyCount "77"]
[EventDate "2013.09.06"]
[EventType "team-swiss"]
[EventRounds "9"]
[EventCountry "POL"]
[SourceTitle "EXT 2015"]
[Source "ChessBase"]
[SourceDate "2014.11.20"]
[SourceVersion "1"]
[SourceVersionDate "2014.11.20"]
[SourceQuality "1"]
[WhiteTeam "Strzelce Opolskie Strzelec"]
[BlackTeam "Chojnice UKS Osemka"]
[WhiteTeamCountry "POL"]
[BlackTeamCountry "POL"]

1. e4 d6 2. d4 Nf6 3. Nc3 g6 4. f4 Bg7 5. Nf3 c5 6. Bb5+ Bd7 7. Bxd7+ Nfxd7 8. Be3 cxd4 9. Bxd4 Nf6 10. e5 dxe5 11. fxe5 Nd5 12. e6 f6 13. Nxd5 Qxd5 14. Qe2 Nc6 15. c4 Qh5 16. Bc3 0-0 17. Rd1 Rfd8 18. 0-0 a5 19. Qe3 Bf8 20. h3 Rac8 21. Rd7 Rb8 22. Rfd1 Rdc8 23. b3 b5 24. R1d5 Qh6 25. Qxh6 Bxh6 26. Rxb5 Ra8 27. Bd2 Bf8 28. Be3 Nd8 29. Rb6 a4 30. Nd4 axb3 31. axb3 f5 32. Nb5 Nc6 33. Nc3 Bg7 34. Nd5 Kf8 35. Rbb7 Rab8 36. Rxb8 Rxb8 37. b4 Be5 38. b5 Nd8 39. Nb6 1-0

[Event "POL-chT3 Kujawsko Pomorskie 1213"]
[Site "Poland"]
[Date "2013.03.24"]
[Round "11.9"]
[White "Matewski, Marcin"]
[Black "Myzyk, Jan"]
[Result "1-0"]
[WhiteElo "1604"]
[BlackElo "2091"]
[PlyCount "89"]
[EventDate "2012.11.04"]
[EventType "team-tourn"]
[EventRounds "11"]
[EventCountry "POL"]
[SourceTitle "EXT 2015"]
[Source "ChessBase"]
[SourceDate "2014.11.20"]
[SourceVersion "1"]
[SourceVersionDate "2014.11.20"]
[SourceQuality "1"]
[WhiteTeam "Bydgoszcz Emdek"]
[BlackTeam "Chojnice UKS Osemka"]
[WhiteTeamCountry "POL"]
[BlackTeamCountry "POL"]

1. e4 d6 2. f4 Nf6 3. Nc3 g6 4. Nf3 Bg7 5. d4 0-0 6. Be2 c5 7. d5 a6 8. a4 e6 9. 0-0 exd5 10. exd5 Re8 11. Nd2 Nbd7 12. Nc4 Nb6 13. h3 Nxc4 14. Bxc4 b6 15. Bd2 Bd7 16. Re1 Nh5 17. Qf3 f5 18. Kh2 Nf6 19. Re3 Rxe3 20. Qxe3 Qe8 21. Re1 Qxe3 22. Rxe3 Kf7 23. Kg3 Ne8 24. Kf3 Nc7 25. g4 b5 26. axb5 axb5 27. Be2 b4 28. Nd1 Nxd5 29. Bc4 Bc6 30. Rd3 Bd4 31. c3 bxc3 32. bxc3 Ke7 33. cxd4 Nb6+ 34. d5 Nxc4 35. dxc6 Nxd2+ 36. Rxd2 Ra3+ 37. Ne3 fxg4+ 38. hxg4 Ke6 39. f5+ gxf5 40. gxf5+ Ke7 41. Kf4 Ra6 42. Nd5+ Kf7 43. c7 Rc6 44. Rb2 Ke8 45. Rb8+ 1-0

[Event "POL-chT3 Kujawsko Pomorskie 1213"]
[Site "Poland"]
[Date "2013.02.24"]
[Round "9.13"]
[White "Myzyk, Jan"]
[Black "Bednarkiewicz, Jakub"]
[Result "1-0"]
[WhiteElo "2091"]
[BlackElo "1550"]
[PlyCount "51"]
[EventDate "2012.11.04"]
[EventType "team-tourn"]
[EventRounds "11"]
[EventCountry "POL"]
[SourceTitle "EXT 2015"]
[Source "ChessBase"]
[SourceDate "2014.11.20"]
[SourceVersion "1"]
[SourceVersionDate "2014.11.20"]
[SourceQuality "1"]
[WhiteTeam "Chojnice UKS Osemka"]
[BlackTeam "Bydgoszcz UKS MDK nr 5"]
[WhiteTeamCountry "POL"]
[BlackTeamCountry "POL"]

1. d4 d5 2. Nf3 e6 3. c4 c6 4. cxd5 exd5 5. Nc3 Nf6 6. Bg5 Bf5 7. e3 Be7 8. Bd3 Ne4 9. Bxe7 Qxe7 10. 0-0 0-0 11. Qc2 Re8 12. a3 Nd7 13. b4 Nxc3 14. Bxf5 Ne4 15. Bxd7 Qxd7 16. Ne5 Qf5 17. a4 Re6 18. b5 cxb5 19. axb5 Rh6 20. Rfc1 Nd6 21. Qxf5 Nxf5 22. Rxa7 Rf8 23. Rxb7 Rd6 24. Rcc7 Nh6 25. h3 Rdd8 26. g4 1-0

[Event "POL-chT3 Kujawsko Pomorskie 0910"]
[Site "Poland"]
[Date "2010.04.26"]
[Round "10.20"]
[White "Myzyk, Jan"]
[Black "Wysocki, Igor"]
[Result "1/2-1/2"]
[WhiteElo "2138"]
[BlackElo "2132"]
[PlyCount "96"]
[EventDate "2009.11.08"]
[EventType "team-tourn"]
[EventRounds "11"]
[EventCountry "POL"]
[SourceTitle "EXT 2020"]
[Source "ChessBase"]
[SourceDate "2019.10.17"]
[SourceVersion "1"]
[SourceVersionDate "2019.10.17"]
[SourceQuality "1"]

1. d4 Nf6 2. Nf3 g6 3. c4 Bg7 4. Nc3 0-0 5. e4 d6 6. Be2 e5 7. 0-0 Nc6 8. d5 Ne7 9. b4 Nh5 10. Re1 f5 11. Nd2 Nf6 12. f3 a5 13. bxa5 Bh6 14. Nb3 Bxc1 15. Qxc1 f4 16. c5 dxc5 17. Nb5 c6 18. dxc6 Nxc6 19. Qxc5 Be6 20. Red1 Qc8 21. Nd6 Qc7 22. Bc4 Bxc4 23. Nxc4 Rfd8 24. Nb6 Ra6 25. Rac1 Kg7 26. Qb5 Rxd1+ 27. Rxd1 Nxa5 28. Nd5 Qc6 29. Qb4 Nxb3 30. Qe7+ Kh6 31. Qf8+ Kh5 32. Nxf6+ Qxf6 33. Qxf6 Rxf6 34. axb3 Rb6 35. Rd3 g5 36. h3 Kh4 37. Kh2 h5 38. Rd5 Rxb3 39. Rxe5 Rb2 40. Re7 b5 41. Rb7 b4 42. e5 b3 43. Rb4 Rb1 44. e6 b2 45. e7 g4 46. fxg4 hxg4 47. hxg4 Re1 48. Rxb2 Rxe7 1/2-1/2

[Event "POL-chT3 Kujawsko Pomorskie 0910"]
[Site "Poland"]
[Date "2009.12.20"]
[Round "4.8"]
[White "Myzyk, Jan"]
[Black "Zwolakiewicz, Krzysztof"]
[Result "1/2-1/2"]
[WhiteElo "2138"]
[BlackElo "2111"]
[PlyCount "127"]
[EventDate "2009.11.08"]
[EventType "team-tourn"]
[EventRounds "11"]
[EventCountry "POL"]
[SourceTitle "EXT 2020"]
[Source "ChessBase"]
[SourceDate "2019.10.17"]
[SourceVersion "1"]
[SourceVersionDate "2019.10.17"]
[SourceQuality "1"]

1. d4 Nf6 2. Nf3 e6 3. c4 Bb4+ 4. Bd2 Qe7 5. Nc3 0-0 6. Qc2 d6 7. a3 Bxc3 8. Bxc3 Nbd7 9. e3 e5 10. dxe5 dxe5 11. Be2 Re8 12. 0-0 c5 13. Rfd1 b6 14. b4 Bb7 15. Nd2 Bc6 16. Bf3 Bxf3 17. Nxf3 Rac8 18. Nd2 Qe6 19. h3 Rc7 20. Rac1 Rec8 21. Bb2 h6 22. b5 e4 23. Qc3 Re8 24. Nb1 Ne5 25. Qxe5 Qxe5 26. Bxe5 Rxe5 27. Nc3 Kf8 28. a4 Ke8 29. a5 Ree7 30. axb6 axb6 31. Rd6 Rb7 32. Ra1 Red7 33. Ra8+ Ke7 34. Rc6 Rd3 35. Na4 Nd7 36. Ra6 Rd1+ 37. Kh2 Rc1 38. Nxb6 Nxb6 39. Raxb6 Rxb6 40. Rxb6 Rxc4 41. g4 Rb4 42. Kg3 g5 43. h4 f6 44. Rb8 c4 45. Rc8 Kd7 46. Rc6 Ke7 47. b6 Kf7 48. Rc7+ Ke6 49. Rc6+ Kd5 50. Rxf6 c3 51. Rf5+ Kc4 52. hxg5 c2 53. Rf8 hxg5 54. f4 Kd3 55. Rc8 Rxb6 56. fxg5 Kd2 57. Kf4 c1Q 58. Rxc1 Kxc1 59. Kxe4 Kd2 60. Kf5 Kxe3 61. g6 Rb5+ 62. Kf6 Kf4 63. g7 Rg5 64. Kf7 1/2-1/2

[Event "Chojnice op"]
[Site "Chojnice"]
[Date "2009.07.11"]
[Round "1"]
[White "Sharapov, Evgeny"]
[Black "Myzyk, Jan"]
[Result "1-0"]
[WhiteElo "2466"]
[BlackElo "2105"]
[PlyCount "95"]
[EventDate "2009.07.11"]
[EventType "swiss"]
[EventRounds "9"]
[EventCountry "POL"]
[SourceTitle "CBM 131 Extra"]
[Source "ChessBase"]
[SourceDate "2009.09.03"]
[SourceVersion "2"]
[SourceVersionDate "2009.09.16"]
[SourceQuality "1"]

1. e4 d6 2. d4 Nf6 3. Nc3 g6 4. f4 Bg7 5. Nf3 0-0 6. Bd3 c5 7. dxc5 dxc5 8. e5 Nd5 9. Nxd5 Qxd5 10. Qe2 Nc6 11. c3 Bg4 12. Be4 Qd7 13. Be3 Qc7 14. h3 Bxf3 15. Bxf3 Rac8 16. 0-0 b6 17. Rad1 Rfd8 18. e6 f5 19. Qb5 Rd6 20. Rxd6 exd6 21. Rd1 Bf8 22. g4 fxg4 23. hxg4 Be7 24. Kg2 Kg7 25. Bf2 Nd8 26. Bd5 Nc6 27. Rh1 Bf6 28. g5 Bd8 29. Qd3 Ne7 30. Qh3 h5 31. gxh6+ Kh7 32. Qf3 b5 33. Be4 Kh8 34. h7 Rb8 35. c4 b4 36. Be1 Qa5 37. a3 Nf5 38. Bxf5 gxf5 39. Qh5 Bf6 40. Qxf5 Qd8 41. axb4 cxb4 42. Rh6 Bxb2 43. Bh4 Qf8 44. Qxf8+ Rxf8 45. e7 Re8 46. f5 Bg7 47. Rxd6 Kxh7 48. Rd8 1-0

[Event "POL-chT3 Kujawsko Pomorskie 0809"]
[Site "Poland"]
[Date "2009.03.15"]
[Round "10.26"]
[White "Karpinski, Bartlomiej"]
[Black "Myzyk, Jan"]
[Result "0-1"]
[WhiteElo "1803"]
[BlackElo "2105"]
[PlyCount "102"]
[EventDate "2008.11.09"]
[EventType "team-tourn"]
[EventRounds "11"]
[EventCountry "POL"]
[SourceTitle "EXT 2019"]
[Source "ChessBase"]
[SourceDate "2018.10.10"]
[SourceVersion "1"]
[SourceVersionDate "2018.10.10"]
[SourceQuality "1"]

1. e4 g6 2. d4 Bg7 3. c4 d6 4. Nc3 c6 5. Be3 Nf6 6. Qd2 Nbd7 7. h3 0-0 8. Bh6 e5 9. Bxg7 Kxg7 10. Nf3 Re8 11. 0-0-0 Qa5 12. Kb1 a6 13. g4 b5 14. Bd3 Nf8 15. d5 bxc4 16. Bxc4 cxd5 17. Nxd5 Qxd2 18. Nxd2 Rd8 19. f3 Bb7 20. Nb3 a5 21. Rd2 a4 22. Nc1 Rdc8 23. b3 Bxd5 24. Bxd5 Nxd5 25. Rxd5 axb3 26. axb3 Ne6 27. Ne2 Rcb8 28. Kb2 Rb6 29. Rhd1 Rab8 30. Nc1 Nd4 31. Rd3 Kf6 32. h4 Ke7 33. f4 Ne6 34. fxe5 Nf4 35. exd6+ Kd7 36. e5 Nxd5 37. Rxd5 Ke6 38. Rc5 f6 39. exf6 Kxf6 40. Rc7 Rxd6 41. Rxh7 Rc8 42. Na2 Rd2+ 43. Kb1 Rh2 44. h5 g5 45. Ra7 Re8 46. Ra5 Re1+ 47. Nc1 Rf1 48. b4 Rf4 49. Nd3 Rxg4 50. Rc5 Rg1+ 51. Nc1 Ke6 0-1

[Event "POL-chT3 Kujawsko Pomorskie 0708"]
[Site "Poland"]
[Date "2008.03.30"]
[Round "10.32"]
[White "Zietak, Krzysztof"]
[Black "Myzyk, Jan"]
[Result "1-0"]
[WhiteElo "2028"]
[BlackElo "2116"]
[PlyCount "95"]
[EventDate "2007.11.04"]
[EventType "team-tourn"]
[EventRounds "11"]
[EventCountry "POL"]
[SourceTitle "EXT 2019"]
[Source "ChessBase"]
[SourceDate "2018.10.10"]
[SourceVersion "1"]
[SourceVersionDate "2018.10.10"]
[SourceQuality "1"]

1. d4 Nf6 2. c4 g6 3. Nc3 Bg7 4. e4 d6 5. f3 0-0 6. Bg5 c6 7. Qd2 Nbd7 8. Nh3 e5 9. d5 cxd5 10. cxd5 a5 11. Nf2 Nc5 12. Nd3 b6 13. Be2 Bd7 14. 0-0 Qb8 15. Rac1 Rc8 16. Nxc5 bxc5 17. f4 Ne8 18. f5 f6 19. fxg6 hxg6 20. Bh6 Qb4 21. Be3 Rcb8 22. Rb1 a4 23. h4 Ra7 24. h5 gxh5 25. Bxh5 Rab7 26. Rf3 Kf8 27. Rg3 Nc7 28. a3 Qc4 29. Be2 Qb3 30. Bh6 Bxh6 31. Qxh6+ Ke7 32. Rg7+ Kd8 33. Qxf6+ Kc8 34. Rxd7 Kxd7 35. Bg4+ Ne6 36. Bxe6+ Kc7 37. Qe7+ Kb6 38. Qxd6+ Ka7 39. Qxc5+ Ka8 40. d6 Qxe6 41. Nd5 Rc8 42. Nc7+ Rbxc7 43. dxc7 Kb7 44. Rc1 Qg4 45. Qc6+ Ka7 46. Qxa4+ Kb7 47. Qb3+ Ka7 48. Rc4 1-0

[Event "POL-chT3 Kujawsko Pomorskie 0708"]
[Site "Poland"]
[Date "2008.02.10"]
[Round "7.8"]
[White "Majdan, Damian"]
[Black "Myzyk, Jan"]
[Result "1/2-1/2"]
[WhiteElo "1839"]
[BlackElo "2116"]
[PlyCount "107"]
[EventDate "2007.11.04"]
[EventType "team-tourn"]
[EventRounds "11"]
[EventCountry "POL"]
[SourceTitle "EXT 2019"]
[Source "ChessBase"]
[SourceDate "2018.10.10"]
[SourceVersion "1"]
[SourceVersionDate "2018.10.10"]
[SourceQuality "1"]

1. b3 d5 2. Bb2 c5 3. g3 Nc6 4. Bg2 e5 5. d3 f5 6. Nd2 Nf6 7. e4 fxe4 8. dxe4 d4 9. Ne2 Bd6 10. 0-0 0-0 11. f4 Ng4 12. Qc1 Ne3 13. Rf2 Nb4 14. Nc4 Nexc2 15. Rb1 Bc7 16. Qd2 exf4 17. gxf4 Bg4 18. a3 Bxe2 19. Qxe2 Bxf4 20. axb4 Nxb4 21. Kh1 Qh4 22. Bf3 b5 23. Nd2 Be3 24. Rff1 Rae8 25. Bc1 Bf4 26. Rg1 Qh6 27. Rg2 Nd5 28. Qxb5 Nc3 29. Qc4+ Kh8 30. Ra1 Qh4 31. Qf1 Bb8 32. Qg1 Rf6 33. Rg4 Qh5 34. Rxg7 Rxf3 35. Nxf3 Qxf3+ 36. Qg2 Qf6 37. Rg4 Nxe4 38. Bg5 Nxg5 39. Rxg5 Bf4 40. Rg4 Be3 41. Rxa7 d3 42. Rgg7 Qh4 43. Rxh7+ Qxh7 44. Rxh7+ Kxh7 45. Qh3+ Kg6 46. Qg3+ Kf6 47. Qf3+ Kg7 48. Qg4+ Kf6 49. Qf3+ Kg6 50. Qc6+ Kf7 51. Qd7+ Re7 52. Qxd3 Kf6 53. Qf1+ Kg6 54. Qd3+ 1/2-1/2

[Event "POL-chT3 Kujawsko Pomorskie 0708"]
[Site "Poland"]
[Date "2007.12.16"]
[Round "4.20"]
[White "Myzyk, Jan"]
[Black "Szybowicz, Piotr"]
[Result "1-0"]
[WhiteElo "2116"]
[BlackElo "2016"]
[PlyCount "104"]
[EventDate "2007.11.04"]
[EventType "team-tourn"]
[EventRounds "11"]
[EventCountry "POL"]
[SourceTitle "EXT 2019"]
[Source "ChessBase"]
[SourceDate "2018.10.10"]
[SourceVersion "1"]
[SourceVersionDate "2018.10.10"]
[SourceQuality "1"]

1. d4 Nf6 2. Nf3 e6 3. c4 d5 4. Nc3 Bb4 5. Qa4+ Nc6 6. a3 Bxc3+ 7. bxc3 0-0 8. Bg5 Bd7 9. cxd5 exd5 10. Qc2 Re8 11. e3 h6 12. Bh4 Bg4 13. Nd2 Qd6 14. h3 Bh5 15. Bxf6 Qxf6 16. g4 Bg6 17. Bd3 Bxd3 18. Qxd3 a6 19. h4 Re6 20. g5 Qg6 21. Qxg6 Rxg6 22. f4 Re6 23. Kf2 f5 24. c4 Ne7 25. c5 Nc6 26. Nf3 h5 27. Rab1 Rb8 28. Rhc1 Kf8 29. Rb2 Ke7 30. Rcb1 Na5 31. Ne5 g6 32. Rb4 Rc8 33. Ke2 Kd8 34. Kd3 Rb8 35. Ke2 Kc8 36. Kd2 Nc6 37. R4b2 Nxe5 38. dxe5 c6 39. Kc3 Kc7 40. Rb6 Ree8 41. Rf1 Rf8 42. Kd4 Rfe8 43. a4 Re7 44. a5 Ree8 45. Rbb1 Rbd8 46. Rbd1 Re7 47. Kc3 Rf8 48. Rf2 Ree8 49. Rdf1 Rd8 50. Kd4 Rde8 51. Rb2 Rb8 52. Kc3 Rfe8 1-0

[Event "Chojnice op"]
[Site "Chojnice"]
[Date "2007.07.18"]
[Round "7"]
[White "Baturo, Tomasz"]
[Black "Myzyk, Jan"]
[Result "1-0"]
[WhiteElo "2053"]
[BlackElo "2124"]
[PlyCount "83"]
[EventDate "2007.07.14"]
[EventType "swiss"]
[EventRounds "9"]
[EventCountry "POL"]
[SourceTitle "CBM 119 Extra"]
[Source "ChessBase"]
[SourceDate "2007.09.04"]
[SourceVersion "1"]
[SourceVersionDate "2007.09.04"]
[SourceQuality "1"]

1. e4 g6 2. d4 Bg7 3. Nc3 c6 4. Be3 d6 5. Qd2 Nf6 6. f3 0-0 7. 0-0-0 Nbd7 8. g4 e5 9. dxe5 dxe5 10. h4 Re8 11. h5 Qc7 12. hxg6 hxg6 13. Nge2 Nf8 14. Ng3 Be6 15. Bh6 Rad8 16. Qh2 Rxd1+ 17. Nxd1 N6h7 18. Ne3 Qe7 19. Bxg7 Kxg7 20. Ngf5+ Bxf5 21. gxf5 Qg5 22. Qf2 Nf6 23. Kb1 Qf4 24. Bd3 N8d7 25. Rg1 Rh8 26. fxg6 fxg6 27. Nf5+ Kf8 28. Rxg6 Rh2 29. Qg1 Ke8 30. Rg3 Rh7 31. a3 b6 32. Rg7 Qh2 33. Qg6+ Kd8 34. Ba6 Rxg7 35. Nxg7 Qh1+ 36. Ka2 Qxf3 37. Qf7 Kc7 38. Qe7 b5 39. Ne6+ Kb6 40. Bc8 c5 41. Qd6+ Ka5 42. Qa6# 1-0

[Event "Chojnice op"]
[Site "Chojnice"]
[Date "2007.07.17"]
[Round "6"]
[White "Myzyk, Jan"]
[Black "Szacht, Egbert"]
[Result "0-1"]
[WhiteElo "2124"]
[BlackElo "2143"]
[PlyCount "76"]
[EventDate "2007.07.14"]
[EventType "swiss"]
[EventRounds "9"]
[EventCountry "POL"]
[SourceTitle "CBM 119 Extra"]
[Source "ChessBase"]
[SourceDate "2007.09.04"]
[SourceVersion "1"]
[SourceVersionDate "2007.09.04"]
[SourceQuality "1"]

1. d4 Nf6 2. Nf3 g6 3. c4 Bg7 4. Nc3 0-0 5. e4 d6 6. Be2 e5 7. d5 a5 8. 0-0 Na6 9. Ne1 Nd7 10. Nd3 f5 11. f3 Nf6 12. a3 Nc5 13. Nxc5 dxc5 14. Rb1 f4 15. b4 axb4 16. axb4 cxb4 17. Rxb4 g5 18. c5 h5 19. Qb3 Kh7 20. Rd1 g4 21. Bb2 Rg8 22. Nb5 Nd7 23. Rc4 Bf8 24. d6 c6 25. Nc7 Ra7 26. Rc2 Qg5 27. Bc4 Rg6 28. Be6 Nxc5 29. Rxc5 gxf3 30. Rc2 fxg2 31. Bxc8 Bxd6 32. Bf5 Bxc7 33. Rd7+ Kh6 34. Rxc7 Qh4 35. Re2 Qxh2+ 36. Kxh2 g1Q+ 37. Kh3 Rg3+ 38. Kh4 Qh1+ 0-1

[Event "Chojnice op"]
[Site "Chojnice"]
[Date "2007.07.14"]
[Round "1"]
[White "Myzyk, Jan"]
[Black "Nester, Ihor"]
[Result "1/2-1/2"]
[WhiteElo "2124"]
[BlackElo "2354"]
[PlyCount "99"]
[EventDate "2007.07.14"]
[EventType "swiss"]
[EventRounds "9"]
[EventCountry "POL"]
[SourceTitle "CBM 119 Extra"]
[Source "ChessBase"]
[SourceDate "2007.09.04"]
[SourceVersion "1"]
[SourceVersionDate "2007.09.04"]
[SourceQuality "1"]

1. d4 d5 2. Nf3 Nf6 3. c4 dxc4 4. e3 e6 5. Bxc4 a6 6. 0-0 c5 7. Qe2 b5 8. Bb3 Bb7 9. Rd1 Nbd7 10. dxc5 Bxc5 11. Ne5 Qc7 12. Nxd7 Nxd7 13. Kh1 Nf6 14. Nd2 0-0 15. Nf1 Qe5 16. f3 Nh5 17. Qe1 g5 18. e4 g4 19. Bh6 gxf3 20. gxf3 Qf6 21. Qc3 Qxc3 22. bxc3 Rfc8 23. Rac1 Bf8 24. Be3 Rc7 25. c4 bxc4 26. Rxc4 Rxc4 27. Bxc4 Rc8 28. Bb3 Bg7 29. Kg2 Be5 30. Kf2 Nf4 31. Bd4 Bxd4+ 32. Rxd4 Rc3 33. Nd2 Kg7 34. Rd6 Bc6 35. Kg3 Ne2+ 36. Kf2 Nc1 37. Rd8 Nxb3 38. axb3 Bb5 39. Kg3 Be2 40. Kf2 Bd1 41. b4 Ba4 42. Rd4 e5 43. Rc4 Rd3 44. Nf1 Bb5 45. Rc5 Rb3 46. Ne3 Rxb4 47. Rxe5 a5 48. Re7 a4 49. Ra7 Rb2+ 50. Kg3 1/2-1/2

[Event "POL-chT3 0607"]
[Site "Poland"]
[Date "2007.04.01"]
[Round "11.8"]
[White "Sciborowski, Miroslaw"]
[Black "Myzyk, Jan"]
[Result "1-0"]
[WhiteElo "2141"]
[BlackElo "2165"]
[PlyCount "93"]
[EventDate "2006.11.12"]
[EventType "team"]
[EventRounds "11"]
[EventCountry "POL"]
[SourceTitle "EXT 2009"]
[Source "ChessBase"]
[SourceDate "2008.11.26"]
[SourceVersion "1"]
[SourceVersionDate "2008.11.26"]
[SourceQuality "1"]

1. d4 Nf6 2. Nf3 g6 3. g3 Bg7 4. Bg2 0-0 5. 0-0 d6 6. a4 a5 7. b3 c6 8. Bb2 Na6 9. Nbd2 d5 10. h3 Bf5 11. Ne5 Qc7 12. f4 Rfd8 13. g4 Bc8 14. e3 Ne8 15. Rc1 f6 16. Nd3 Nb4 17. Nf3 b6 18. Nxb4 axb4 19. Ne1 Ba6 20. Rf2 e6 21. f5 exf5 22. gxf5 Nd6 23. fxg6 hxg6 24. Qg4 Qf7 25. Nd3 f5 26. Qg3 Bxd3 27. cxd3 Rac8 28. e4 dxe4 29. dxe4 Qe8 30. e5 Nb7 31. Rc4 Na5 32. Rxb4 Rb8 33. d5 cxd5 34. Rb5 Qe6 35. Rd2 d4 36. Rxd4 Bf8 37. Bd5 Rxd5 38. Rbxd5 Nb7 39. Rd1 Rc8 40. Rd7 Rc2 41. Rxb7 Rxb2 42. Qh4 Bc5+ 43. Kf1 Rf2+ 44. Qxf2 Qxb3 45. Rd8+ Bf8 46. Rxf8+ Kxf8 47. Qc5+ 1-0

[Event "POL-chT3 0607"]
[Site "Poland"]
[Date "2007.02.18"]
[Round "8.20"]
[White "Myzyk, Jan"]
[Black "Mazalon, Bartlomiej"]
[Result "1/2-1/2"]
[WhiteElo "2165"]
[BlackElo "1907"]
[PlyCount "87"]
[EventDate "2006.11.12"]
[EventType "team"]
[EventRounds "11"]
[EventCountry "POL"]
[SourceTitle "EXT 2009"]
[Source "ChessBase"]
[SourceDate "2008.11.26"]
[SourceVersion "1"]
[SourceVersionDate "2008.11.26"]
[SourceQuality "1"]

1. d4 d5 2. Nf3 Nc6 3. e3 Bg4 4. Be2 Nf6 5. 0-0 e6 6. b3 Be7 7. Bb2 0-0 8. Nbd2 Re8 9. Ne1 Bxe2 10. Qxe2 Bd6 11. Ndf3 e5 12. dxe5 Nxe5 13. Nxe5 Bxe5 14. Bxe5 Rxe5 15. Nf3 Re8 16. Rfd1 Qe7 17. c4 Rad8 18. cxd5 Nxd5 19. Qc2 c6 20. a3 h6 21. h3 Rd7 22. b4 Red8 23. Rdc1 a6 24. Qb3 Nf6 25. Nd4 Rd5 26. Rc4 Ne4 27. Qc2 Nd6 28. Rc5 Ne4 29. Rxd5 Rxd5 30. Qb2 Qf6 31. Qc2 Qe5 32. Rc1 Qe7 33. Qb2 Qe5 34. a4 a5 35. f4 Qe7 36. bxa5 Rxa5 37. Rb1 Nd6 38. Qb3 c5 39. Nc2 Qe4 40. Rd1 c4 41. Qc3 Rd5 42. Rxd5 Qxd5 43. Qd4 Qxd4 44. exd4 1/2-1/2

[Event "POL-chT3 0607"]
[Site "Poland"]
[Date "2006.11.12"]
[Round "1.32"]
[White "Myzyk, Jan"]
[Black "Mazalon, Mariusz"]
[Result "1/2-1/2"]
[WhiteElo "2165"]
[BlackElo "2145"]
[PlyCount "97"]
[EventDate "2006.11.12"]
[EventType "team"]
[EventRounds "11"]
[EventCountry "POL"]
[SourceTitle "EXT 2009"]
[Source "ChessBase"]
[SourceDate "2008.11.26"]
[SourceVersion "1"]
[SourceVersionDate "2008.11.26"]
[SourceQuality "1"]

1. d4 Nf6 2. Nf3 e6 3. c4 Bb4+ 4. Bd2 c5 5. a3 Bxd2+ 6. Qxd2 cxd4 7. Qxd4 d5 8. cxd5 exd5 9. e3 Nc6 10. Bb5 0-0 11. Bxc6 bxc6 12. 0-0 a5 13. Rc1 Bb7 14. Nc3 Re8 15. Nd2 Qd6 16. Na4 Ne4 17. Nc5 Nxc5 18. Rxc5 a4 19. Rac1 h6 20. R5c4 Rec8 21. Rc5 Qd8 22. Nf3 f6 23. Qg4 Kh8 24. Nd4 Ra6 25. h3 Rb6 26. R1c2 Qf8 27. Ne6 Qe7 28. Nf4 Qe4 29. Nxd5 Qxg4 30. hxg4 cxd5 31. Rxc8+ Bxc8 32. Rxc8+ Kh7 33. Rc2 Kg6 34. Kf1 Kg5 35. f3 Kh4 36. Ke1 Kg3 37. Kd1 Rb3 38. Re2 g6 39. Kc2 f5 40. gxf5 gxf5 41. e4 dxe4 42. fxe4 f4 43. e5 Re3 44. Kd2 Rxe2+ 45. Kxe2 Kxg2 46. Kd2 f3 47. e6 f2 48. e7 f1Q 49. e8Q 1/2-1/2

[Event "Kowalewo Pomorskie op"]
[Site "Kowalewo Pomorskie"]
[Date "2006.07.??"]
[Round "9"]
[White "Myzyk, Jan"]
[Black "Kosiorek, Marek"]
[Result "0-1"]
[WhiteElo "2176"]
[BlackElo "2378"]
[PlyCount "64"]
[EventDate "2006.07.??"]
[EventType "swiss"]
[EventRounds "9"]
[EventCountry "POL"]
[SourceTitle "CBM 113 Extra"]
[Source "ChessBase"]
[SourceDate "2006.09.14"]
[SourceVersion "1"]
[SourceVersionDate "2006.09.14"]
[SourceQuality "1"]

1. d4 Nf6 2. c4 g6 3. Nc3 d5 4. Nf3 Bg7 5. Qb3 dxc4 6. Qxc4 0-0 7. e4 Nfd7 8. Bf4 c6 9. Qd3 Qa5 10. Bd2 c5 11. d5 a6 12. a4 Qc7 13. Be2 Ne5 14. Nxe5 Bxe5 15. h3 f5 16. 0-0 f4 17. Rfc1 Nd7 18. a5 Qd6 19. Na4 Bd4 20. Bf3 Ne5 21. Qe2 Bd7 22. Nc3 Qf6 23. Ra3 Qh4 24. Be1 g5 25. Rb3 h5 26. Qd1 g4 27. Ne2 gxf3 28. Nxd4 cxd4 29. Qxd4 Qg5 30. g3 fxg3 31. Bd2 gxf2+ 32. Kxf2 Qg2+ 0-1